A Universal method to predict wet traction behaviour of tyre tread compounds in the laboratory (Record no. 53676)

MARC details
000 -LEADER
fixed length control field 00460nam a2200157Ia 4500
100 ## - MAIN ENTRY--AUTHOR NAME
Personal name Heinz Michael
245 #2 - TITLE STATEMENT
Title A Universal method to predict wet traction behaviour of tyre tread compounds in the laboratory
260 ## - PUBLICATION, DISTRIBUTION, ETC. (IMPRINT)
Name of publisher Journal of Rubber Research
Year of publication 2010
300 ## - PHYSICAL DESCRIPTION
Number of Pages 91-102
650 ## - SUBJECT ADDED ENTRY--TOPICAL TERM
Topical Term Laboratory
650 ## - SUBJECT ADDED ENTRY--TOPICAL TERM
Topical Term Prediction
650 ## - SUBJECT ADDED ENTRY--TOPICAL TERM
Topical Term Tyre tread compounds
650 ## - SUBJECT ADDED ENTRY--TOPICAL TERM
Topical Term Wet traction
942 ## - ADDED ENTRY ELEMENTS (KOHA)
Koha item type Journals
Holdings
Withdrawn status Lost status Damaged status Not for loan Home library Current library Date acquired Serial Enumeration / chronology Koha item type
      Journals RRII Library RRII Library 04/11/2010 Volume 13, Issue 2 Journals